000 00302nam a22001337a 4500
008 181009b xxu||||| |||| 00| 0 eng d
020 _a9780256110104
041 _aeng
080 _27th
_a330.722
100 _a62
101 _aKM
245 _aManagerial Accounting
_cGarrison,R.H
942 _2udc
_cBK
999 _c49151
_d49151